000
00249nam a2200085Ia 4500
245
0
_a
The whipping boy : 2008-2011
100
_a
Trovato, Ben Johannesburg, South Africa, 2011
_9
42583
942
_c
BK
008
210817s9999 xx 000 0 und d
999
_c
263893
_d
263892